000
00499nam a2200169Ia 4500
008
110201s9999 xx 000 0 und d
082
_b
B9495
_a
K 2643
100
_a
वर्दे दिपा
245
_a
प्रतिशोध
260
_b
निब पब्लिकेशन्स
365
_b
210
600
_a
वर्दे दिपा
630
_a
प्रतिशोध
700
_a
वर्दे दिपा
730
_a
प्रतिशोध
942
_c
BOOK
999
_c
834931
_d
834928